24三重県の市町村 - Statistics

General Stats
  • This quiz has been taken 161 times
    156 since last reset
  • The average score is 18 of 29
Answer Stats
Answer % Correct
四日市市
100%
津市
96%
伊勢市
94%
桑名市
93%
松阪市
91%
志摩市
91%
鈴鹿市
88%
鳥羽市
85%
伊賀市
85%
尾鷲市
83%
亀山市
77%
熊野市
77%
名張市
74%
いなべ市
68%
多気郡多気町
48%
三重郡川越町
46%
桑名郡木曽岬町
44%
員弁郡東員町
44%
三重郡菰野町
44%
三重郡朝日町
44%
度会郡度会町
43%
多気郡明和町
41%
多気郡大台町
40%
南牟婁郡紀宝町
40%
度会郡南伊勢町
36%
北牟婁郡紀北町
36%
南牟婁郡御浜町
33%
度会郡玉城町
31%
度会郡大紀町
30%
No matching quizzes found
Score Distribution
Percent of People with Each Score
Percentile by Number Answered
Your Score History
You have not taken this quiz since the last reset